| 000 | 00995nam a22001937a 4500 | ||
|---|---|---|---|
| 999 |
_c3003 _d3003 |
||
| 003 | OSt | ||
| 005 | 20230914150213.0 | ||
| 008 | 230914b ||||| |||| 00| 0 eng d | ||
| 020 | _a9780571233663 | ||
| 040 | _cKH8 | ||
| 082 | _a812.6 BLA | ||
| 100 |
_aBlank, Jessica, _eauthor. |
||
| 245 |
_aThe Exonerated / _cJessica Blank and Erik Jensen. |
||
| 260 |
_aNew York ; _bFaber & Faber , _c2006. |
||
| 300 |
_a78 pages ; _c12.5 cm x 19.7 cm. |
||
| 520 | _aWhat does it truly mean to be exonerated? The dictionary says it is to be proclaimed innocent after having been convicted of a crime. But what effect does it have on a person - a soul, a life - to have one's freedom and self-respect stripped away and then, ostensibly, returned after decades of incarceration? "The Exonerated" attempts to answer this question, through the words of six innocent men and women who emerged from years on death row to reclaim what is left of their lives? | ||
| 700 |
_aJensen, Erik, _eauthor. |
||
| 942 |
_2ddc _cTR |
||